| 000 | 00580nam a22001697a 4500 | ||
|---|---|---|---|
| 082 | _a620.44 | ||
| 100 | _aSaleem, Muhammad Rizwan | ||
| 245 |
_aDesign, Fabrication and analysis of Photonic Device Nanostructures / _cMuhammad Rizwan Saleem. |
||
| 260 |
_aIslamabad: _bSCME - NUST, _c2013. |
||
| 300 |
_a144 p.: ill.; _c30cm. |
||
| 650 |
_aPh. D Thesis _919288 |
||
| 700 |
_aDr. Muhammad Bilal Khan _919368 |
||
| 856 | _u http://10.250.8.41:8080/xmlui/handle/123456789/22186 | ||
| 942 |
_2ddc _cTHE |
||
| 999 |
_c527873 _d527873 |
||